| 000 | 01781nam a2200445 c 4500 | ||
|---|---|---|---|
| 999 |
_c105360 _d105360 |
||
| 003 | BLK | ||
| 005 | 20250228174053.0 | ||
| 008 | 180409b bul|||||r ||||||| ||bul|| | ||
| 010 | _aKNG00110578000 | ||
| 020 | _a978-954-660-079-0 | ||
| 040 | _aBLK | ||
| 041 |
_aBUL _cBUL |
||
| 072 | 7 |
_2bullib _aН86 _xДетска отраслова литература Н |
|
| 080 |
_aБългарска литература _b821.163.2 _x(092):087.5 _z821.163.2(092):087.5 |
||
| 080 |
_aБългарски поет и писател _b929 Вазов, Иван Минчов _z929 Вазов, Иван Минчов |
||
| 100 | 1 |
_aРусанов, Любомир Кирилов _9117434 |
|
| 139 |
_aРусанов, Любомир Кирилов _bВ 15 |
||
| 245 | 1 | 0 |
_aМоята първа книга за Иван Вазов _cЛюбомир Кирилов Русанов; ил. Христо Хаджитанев. |
| 257 | _aBGR | ||
| 260 |
_bПАН _c2011 _aСофия |
||
| 300 |
_a16 с. _bс цв. ил. _c28 см |
||
| 380 | _aDN | ||
| 490 |
_aПоредица Моята първа книга за... _9206289 |
||
| 600 | 1 | 4 |
_aВазов, Иван Минчов _9363396 |
| 650 | 0 |
_aПисатели, български _9241944 |
|
| 650 | 4 |
_aВазов, Иван Минчов _9363396 |
|
| 653 | _aбългарски писатели | ||
| 653 | _aбиографии | ||
| 653 | _aтворчество | ||
| 653 | _aИван Вазов | ||
| 659 | _aН | ||
| 700 | 1 |
_aХаджитанев, Христо _eил. _9367974 |
|
| 852 | _aЦб ІІ 17255 | ||
| 856 | 4 | _qpdf | |
| 856 | 4 | _qpdf | |
| 942 |
_cKNG _n0 _024 _s1 |
||
| 944 |
_aCR _c21.05.2012 _k30543 _lИва Цветкова |
||
| 944 |
_aED _c17.10.2016 _kПенка_Димитрова |
||
| 999 | _d105360 | ||